书目信息 |
| 题名: |
序列图像
|
|
| 作者: | 维根 著 ;贾茗葳 译 | |
| 分册: | ||
| 出版信息: | 大连 大连理工大学出版社 2008.06 |
|
| 页数: | 176页 | |
| 开本: | 23cm | |
| 丛书名: | ||
| 单 册: | ||
| 中图分类: | J218.5 | |
| 科图分类: | ||
| 主题词: | 插图--cha tu--设计--高等学校--教材 | |
| 电子资源: | ||
| ISBN: | 978-7-5611-4099-4 | |
| 000 | 00974nam0 2200265 450 | |
| 001 | 012009249521 | |
| 005 | 20091028111206.88 | |
| 010 | @a978-7-5611-4099-4@dCNY58.00 | |
| 100 | @a20091028d2008 em y0chiy0120 ea | |
| 101 | 1 | @achi@ceng |
| 102 | @aCN@b210000 | |
| 105 | @aa z 000yy | |
| 106 | @ar | |
| 200 | 1 | @a序列图像@Axu lie tu xiang@f(英) 马克·维根著@F(ying)ma ke·wei gen zhu@d= Sequential images@fMark Wigan@g贾茗葳译@Gjia ming wei yi@zeng |
| 210 | @a大连@c大连理工大学出版社@d2008.06 | |
| 215 | @a176页@c图@d23cm | |
| 300 | @a国外设计院校指定教材 02 国际插画设计教程 | |
| 330 | @a本书分为六部分,主要内容包括了:故事草图构建、漫画世界、角色、电子游戏、黑色电影、多媒体视觉效果等。 | |
| 500 | 10 | @aSequential images@mChinese |
| 606 | 0 | @a插图@Acha tu@x设计@x高等学校@j教材 |
| 690 | @aJ218.5@v4 | |
| 701 | 1 | @a维根@Awei gen@g(Wigan, Mark)@4著 |
| 702 | 0 | @a贾茗葳@Ajia ming wei@4译 |
| 801 | 0 | @aCN@bQSSK@c20091028 |
| 905 | @b764793-95@dJ218.5@eW536@f3 | |
| 序列图像/(英) 马克·维根著= Sequential images/Mark Wigan/贾茗葳译.-大连:大连理工大学出版社,2008.06 |
| 176页:图;23cm |
| 国外设计院校指定教材 02 国际插画设计教程 |
| ISBN 978-7-5611-4099-4:CNY58.00 |
| 本书分为六部分,主要内容包括了:故事草图构建、漫画世界、角色、电子游戏、黑色电影、多媒体视觉效果等。 |
| ● |
| 相关链接 |
|
|
|
正题名:序列图像
索取号:J218.5/W536
 
预约/预借
| 序号 | 登录号 | 条形码 | 馆藏地/架位号 | 状态 | 备注 |
| 1 | 764793 | 207647938 | 社科库309/309社科库 73排3列2层/ [索取号:J218.5/W536] | 在馆 | |
| 2 | 764794 | 207647947 | 自科二线404/309社科库 73排3列2层/ [索取号:J218.5/W536] | 在馆 | |
| 3 | 764795 | 207647956 | 社科库309/309社科库 73排3列2层/ [索取号:J218.5/W536] | 在馆 |